Návrh racionalizačných opatrení na zlepšenie BOZP v a.s. Agrostav Senica = Analyze and rationalization of safety work in construction company Agrostav, a.s. Senica : Bakalárska práca

Enregistré dans:
Détails bibliographiques
Auteur principal: Harvanová, Anna (Auteur)
Autres auteurs: Burcl, Rudolf, 1933- (xxx)
Format: Manuscrit Livre
Langue:slovaque
Publié: Trnava : STU v Bratislave MTF UPMK, 2007
Sujets:
Tags: Ajouter un tag
Pas de tags, Soyez le premier à ajouter un tag!

MARC

LEADER 00000ntm a22000003a 4500
001 stu146518
005 20160719155651.9
008 071010s2007----xo------------------slo-d
040 |a STU  |b slo 
041 0 |a slo 
044 |a xo 
100 1 |a Harvanová, Anna  |4 aut 
245 1 |a Návrh racionalizačných opatrení na zlepšenie BOZP v a.s. Agrostav Senica = Analyze and rationalization of safety work in construction company Agrostav, a.s. Senica :  |b Bakalárska práca 
260 |a Trnava :  |b STU v Bratislave MTF UPMK,  |c 2007 
300 |a 48 s  |c príl., 1 CD-ROM 
500 |a Odbor: priemyselné inžinierstvo a manažment 
650 7 |a BOZP  |2 stusub 
650 7 |a pracovné prostredie  |2 stusub 
700 1 |a Burcl, Rudolf,  |d 1933-  |4 xxx  |u M190  |U MTF Materiálovotechnologická fakulta  |T MTF Katedra priemyselného inžinierstva a manažmentu  |X 1534  |U M190  |Y 167  |7 A000001534 
996 |b 284M066257  |c M*BP-2736  |l MMSKP  |s P  |a 0  |w stu146518_0001